000 01096nam a2200217 4500
001 123156
003 ES-MaACL
005 20230906192124.0
007 t|
008 070214s1915 sp r ||||0| spa d
100 1 _aPruem, Emil.
_994078
245 1 0 _aAlemania en Bélgica a la luz de las doctrinas de la Iglesia
_b: carta abierta del señor Prüm, jefe del partido católico luxemburgués, al señor Matías Erzberger, diputado en el Reichstag y leader del Centro Católico Alemán : documento recogido y cuya circulación ha sido prohibida en Alemania /
_ctraducción y prólogo de Pedro Sangro y Ros de Olano; con notas de la edición francesa de René Johannet.
260 _aMadrid :
_b[s. n.],
_c1915 (
_fTip. de la Revista de Archivos, Bibliotecas y Museos)
300 _a230 p ;
_c19 cm.
500 _aTraducción de `La conversion de un catholique germanophile`.
700 1 _aJohannet, Rene.
_9184137
700 1 _aErzberger, Mathias.
_947446
700 1 _aSangro y Ros de Olano, Pedro,
_cMarqués de Guad-el-Jelú.
_9103144
852 _aES-MaACL
_jD-5084
999 _c123156
_d123156